000 00617cam a2200181 a 4500
001 000001721
005 20200929145657.0
008 790718s1951 nyua 000 0 eng
040 _aDO-SdBNP
_bspa
_cBNPHU
082 _a428.24
_bD621e
100 1 _aDixson, Robert J.
_q(Robert James Dixon),
_d1920-2003.
_95598
245 1 0 _aEssential idioms in English, for the foreign born :
_bwith exercises for practice and tests /
_cRobert J. Dixson.
260 _aNew York, :
_bRegents,
_c1951.
300 _aiv, 138 p. :
_bil. ;
_c21 cm.
490 0 _aAmerican classics
830 0 _aAmerican classics.
_95599
910 _aSUPRESSED
999 _c1599
_d1599